00475nam a2200133Ia 4500008004100000082001700041100002900058245006300087260004400150300001000194942001200204999001900216952010600235210430s9999 xx 000 0 und d a628.5 P426 P aDonald L Macalady952822 aPerspectives in environmental ChemistrycDonald L Macalady aNew YorkbOxford University Pressc1998 a512p. cBK2ddc c562283d562283 001040708NFICaSCMEbSCMEcGENd0008-02-11l0o628.5 P426 PpSCME-1146r2021-04-30w2021-04-30yBK